000 00628nam a2200181Ia 4500
008 151018s9999 xx 000 0 und d
082 _bRBASDV6586
_a891.463
100 _aशकुंतला गोगटे
245 _aचांदणे शिंपित जा
250 _b1
260 _bमेनका प्रकाशन पुणे
_c1968
300 _a147
600 _aशकुंतला गोगटे
630 _aचांदणे शिंपित जा
700 _aशकुंतला गोगटे
730 _aचांदणे शिंपित जा
942 _cBOOK
999 _c1008960
_d1008957